<?xml version="1.0" encoding="UTF-8"?>
<record
    xmlns:xsi="http://www.w3.org/2001/XMLSchema-instance"
    xsi:schemaLocation="http://www.loc.gov/MARC21/slim http://www.loc.gov/standards/marcxml/schema/MARC21slim.xsd"
    xmlns="http://www.loc.gov/MARC21/slim">

  <leader>02671nam a22002657a 4500</leader>
  <controlfield tag="003">OSt</controlfield>
  <controlfield tag="005">20240618154600.0</controlfield>
  <controlfield tag="008">240617s2015    ck ao||gr|||| 00| 0 spa d</controlfield>
  <datafield tag="020" ind1=" " ind2=" ">
    <subfield code="a">9789583046513</subfield>
  </datafield>
  <datafield tag="037" ind1=" " ind2=" ">
    <subfield code="b">Donaci&#xF3;n</subfield>
  </datafield>
  <datafield tag="040" ind1=" " ind2=" ">
    <subfield code="a">CO-JMCR</subfield>
    <subfield code="b">spa</subfield>
    <subfield code="c">CO-JMCR</subfield>
    <subfield code="d">CO-JMCR</subfield>
    <subfield code="e">rda</subfield>
  </datafield>
  <datafield tag="041" ind1="0" ind2=" ">
    <subfield code="a">spa</subfield>
  </datafield>
  <datafield tag="082" ind1="0" ind2="4">
    <subfield code="2">23</subfield>
    <subfield code="a">306.7</subfield>
    <subfield code="b">C19c</subfield>
  </datafield>
  <datafield tag="100" ind1="1" ind2=" ">
    <subfield code="a">Nieto Mart&#xED;nez, Carla,</subfield>
    <subfield code="d">1968 - </subfield>
    <subfield code="e">autora</subfield>
    <subfield code="9">43693</subfield>
  </datafield>
  <datafield tag="245" ind1="1" ind2="0">
    <subfield code="a">Sexo para descubrir a las chicas / </subfield>
    <subfield code="c">Carla Nieto Mart&#xED;nez.</subfield>
  </datafield>
  <datafield tag="260" ind1=" " ind2=" ">
    <subfield code="a">Bogot&#xE1; : </subfield>
    <subfield code="b">Panamericana, </subfield>
    <subfield code="c">2015</subfield>
  </datafield>
  <datafield tag="300" ind1=" " ind2=" ">
    <subfield code="a">63 p&#xE1;ginas :</subfield>
    <subfield code="b">Ilustraciones a color, Fotograf&#xED;as ; </subfield>
    <subfield code="c">30 cm.</subfield>
  </datafield>
  <datafield tag="490" ind1="0" ind2=" ">
    <subfield code="a">Sexo juvenil</subfield>
  </datafield>
  <datafield tag="505" ind1="0" ind2=" ">
    <subfield code="a">La adolescencia femenina -- As&#xED; cambia tu organismo -- Un carrusel hormonal -- La primera regla -- Tu ciclo menstrual -- Tampones y toallas -- SPM: el tormento mensual -- El busto: tu nueva se&#xF1;a de identidad -- Frente al vello, depilaci&#xF3;n -- Curvas y llantas: no tan fieras -- Moldea tu cuerpo -- Anorexia y bulimia -- &#xBF;Expl&#xED;cita o recatada? -- Pudor: c&#xF3;mo gestionarlo -- La virginidad -- La sangre y otros mitos -- Femenino y sensual -- En busca del amor perfecto -- Atracci&#xF3;n o amor verdadero -- Respuesta sexual masculina -- Evitar la dependencia -- &#xBF;Cu&#xE1;ndo debes visitar al ginec&#xF3;logo? -- Enfermedades de transmisi&#xF3;n sexual -- La p&#xED;ldora anticonceptiva -- Otros m&#xE9;todos anticonceptivos -- El preservativo: otro aliado -- Embarazo no deseado -- Aprender a decir no -- Amigas para siempre -- La relaci&#xF3;n con tu familia -- A salvo de abusos.</subfield>
  </datafield>
  <datafield tag="520" ind1="3" ind2=" ">
    <subfield code="a">La adolescencia es un periodo lleno de cambios y de emociones nuevas. La colecci&#xF3;n Sexo juvenil te ayuda a aclarar las grandes dudas que te puedan surgir en esta etapa de manera cercana y f&#xE1;cil. Chico o chica, podr&#xE1;s elegir el libro que mejor se adapte a tus inquietudes y que te ayude a descubrir esos peque&#xF1;os secretos que encierra el sexo. Tu cuerpo ha empezado a cambiar, tus h&#xE1;bitos no son los mismos, tu aspecto f&#xED;sico es diferente... &#xBF;Qu&#xE9; te ocurre?: la adolescencia ha llegado a tu puerta. Sexo para descubrir a las chicas pretende informar a la chica, y al chico que se acerque el tema, qu&#xE9; es lo que les sucede a las j&#xF3;venes a esta edad: entender la menstruaci&#xF3;n, el papel que desempe&#xF1;an las amigas, c&#xF3;mo se despierta el deseo sexual y la inquietud por conquistar a un chico, as&#xED; como toda la informaci&#xF3;n sobre las relaciones sexuales. &#xBF;A qui&#xE9;n no le interesa lo que le ocurre al sexo contrario? &#xA1;Desc&#xFA;brelo!</subfield>
  </datafield>
  <datafield tag="650" ind1="1" ind2="4">
    <subfield code="2">JMCR</subfield>
    <subfield code="a">Educaci&#xF3;n sexual para jovenes</subfield>
    <subfield code="x">Sexo</subfield>
    <subfield code="9">43694</subfield>
  </datafield>
  <datafield tag="650" ind1="2" ind2="4">
    <subfield code="2">JMCR</subfield>
    <subfield code="a">Preguntas y respuestas </subfield>
    <subfield code="x">Mujeres adolescentes </subfield>
    <subfield code="9">43695</subfield>
  </datafield>
  <datafield tag="650" ind1="3" ind2="4">
    <subfield code="2">JMCR</subfield>
    <subfield code="a">Adolescencia femenina</subfield>
    <subfield code="x">Salud e higiene </subfield>
    <subfield code="9">43696</subfield>
  </datafield>
  <datafield tag="942" ind1=" " ind2=" ">
    <subfield code="2">ddc</subfield>
    <subfield code="c">BK</subfield>
  </datafield>
  <datafield tag="999" ind1=" " ind2=" ">
    <subfield code="c">30760</subfield>
    <subfield code="d">17144</subfield>
  </datafield>
  <datafield tag="952" ind1=" " ind2=" ">
    <subfield code="0">0</subfield>
    <subfield code="1">0</subfield>
    <subfield code="2">ddc</subfield>
    <subfield code="4">0</subfield>
    <subfield code="7">0</subfield>
    <subfield code="8">FIC</subfield>
    <subfield code="a">CPL</subfield>
    <subfield code="b">CPL</subfield>
    <subfield code="c">CART</subfield>
    <subfield code="d">2023-12-06</subfield>
    <subfield code="l">11</subfield>
    <subfield code="o">306.7 C19c</subfield>
    <subfield code="p">201812260</subfield>
    <subfield code="r">2026-01-27 12:59:48</subfield>
    <subfield code="s">2026-01-26</subfield>
    <subfield code="t">Ej.1</subfield>
    <subfield code="w">2024-06-17</subfield>
    <subfield code="y">BK</subfield>
  </datafield>
</record>
